| 000 | 00880nac a22002657a 4500 | ||
|---|---|---|---|
| 001 | BR9213926 | ||
| 003 | BR-BrBNA | ||
| 005 | 20240105121314.0 | ||
| 008 | 230509b bl.|||m| |||| 00| 0 por d | ||
| 040 |
_aBR-BrBNA _bpor _cBiblioteca Nacional de Agricultura |
||
| 072 | _aE80 | ||
| 090 | _a9925 BR9213926 | ||
| 100 | 1 | _aBuss, J. | |
| 110 | 1 | _aEmpresa de Pesquisa Agropecuaria e Difusao de Tecnologia de Santa Catarina S.A., Florianopolis (Brasil) | |
| 245 | 1 | _aFabricacao caseira de licores | |
| 260 | 3 |
_aFlorianopolis, SC (Brasil): _c1992. |
|
| 300 | _a13 p. | ||
| 490 |
_aBoletim Didatico - Empresa de Pesquisa Agropecuaria e Difusao de Tecnologia de Santa Catarina S.A. (Brazil) _vno. 2 _x |
||
| 500 | _a6 ref. | ||
| 650 | _aLicor | ||
| 650 | _aIndustria Caseira | ||
| 650 | _aPratico | ||
| 909 |
_a202312 _bLúcia Elande _c55 _dLúcia Elande |
||
| 942 |
_2AGRIS _n0 _cMS |
||
| 999 |
_c284541 _d284541 |
||